| 000 | 01282nam0a22002771 4500 | ||
|---|---|---|---|
| 001 | rc\2205429 | ||
| 005 | 20230804134505.0 | ||
| 035 | _a(NLR Aleph) 006694885 | ||
| 090 |
_a5183704 _c5183704 |
||
| 100 | _a20110829d1978 |||y0rusy50 ca | ||
| 101 | 0 | _arus | |
| 102 | _aRU | ||
| 105 | _ay z ||||| | ||
| 200 | 1 |
_aПатологоанатомическая диагностика респираторного микоплазмоза _e(Метод. рекомендации) _fМ-во здравоохранения СССР, Гл. упр. лечеб.-профилакт. помощи детям и матерям _g[Сост. Б.С. Гусман] |
|
| 210 |
_aМосква _cБ. и. _d1978 |
||
| 215 |
_a6 с. _d20 |
||
| 606 |
_aМикоплазмос респираторный _xДиагностика патологоанатомическая _2psbo |
||
| 702 | 1 |
_aГусман _bБ. С. _gБелла Соломоновна _4220 |
|
| 712 | 0 | 1 |
_aСССР _bГлавное управление лечебно-профилактической помощи детям и матерям _3RU\NLR\AUTH\8812830 _4570 |
| 801 | 0 |
_aRU _bNLR _gpsbo |
|
| 801 | 1 |
_aRU _bELAR _2rusmarc |
|
| 852 |
_aNLR _j79-4/2947 |
||
| 899 |
_aRuMoRGB _jM 78-12/3322 |
||
| 942 | _cBOOK | ||
| 980 | _aNB | ||